| 000 | 00546nam a2200205Ia 4500 | ||
|---|---|---|---|
| 005 | 20250508163511.0 | ||
| 008 | 008 250505s9999 xx 000 0 hin d | ||
| 037 | _aTextBook | ||
| 040 |
_aFEDL _beng _cFEDL |
||
| 041 |
_ahin _2eng |
||
| 084 |
_a370.1, TRI _qFEDL |
||
| 100 |
_aTripathi Shilgram _9775476 |
||
| 245 | 0 | _aShiksha-sindhant | |
| 260 |
_aDelhi, India _bVenktesh Prakshan _c1992 |
||
| 300 | _a265p | ||
| 365 |
_aINR _b42 |
||
| 650 | _aEducational philosophy | ||
| 942 |
_cTB _h370.1, TRI |
||
| 999 |
_c1383724 _d1383724 |
||